ਅੰਗਰੇਜ਼ਾਂ ਤੇ ਸਿੱਖਾਂ ਦੀਆਂ ਲਡ਼ਾਈਆੰ ਦੀ ਅਸਲ ਵਿਖਿਆ / (Record no. 57626)

MARC details
000 -LEADER
fixed length control field 01148nam a22002537a 4500
005 - DATE AND TIME OF LATEST TRANSACTION
control field 2011080406576.0
008 - FIXED-LENGTH DATA ELEMENTS--GENERAL INFORMATION
fixed length control field 090728t xxu||||| |||| 00| 0 pun d
010 ## - LCCN (DPL NO)
LC control number PUN-7116
020 ## - INTERNATIONAL STANDARD BOOK NUMBER
Terms of availability 22.00
035 ## - SYSTEM CONTROL NUMBER
System control number PN-6234
037 ## - SOURCE OF ACQUISITION
Source of stock number/acquisition DBAD / PUB
040 ## - CATALOGING SOURCE
Original cataloging agency dpl
Language of cataloging pn
082 ## - DEWEY DECIMAL CLASSIFICATION NUMBER
Classification number 954.07
100 ## - MAIN ENTRY--PERSONAL NAME
9 (RLIN) 24414
Personal name ਕਰਨੈਲ ਸਿੰਘ
245 ## - TITLE STATEMENT
Title ਅੰਗਰੇਜ਼ਾਂ ਤੇ ਸਿੱਖਾਂ ਦੀਆਂ ਲਡ਼ਾਈਆੰ ਦੀ ਅਸਲ ਵਿਖਿਆ /
Remainder of title ਕਰਨੈਲ ਸਿੰਘ
246 ## - VARYING FORM OF TITLE
Title proper/short title Angrejan te sikhan dian ladaiyan di asal vikhia
Remainder of title by Karnail Singh
260 ## - PUBLICATION, DISTRIBUTION, ETC. (IMPRINT)
Place of publication, distribution, etc ਅੰਮ੍ਰਿਤਸਰ
Name of publisher, distributor, etc ਧਰਮ ਪ੍ਰਚਾਰ ਕਮੇਟੀ (ਸ਼੍ਰੋਮਣੀ ਗੁਰਦੁਆਰਾ ਪ੍ਰਬੰਧਕ ਕਮੇਟੀ)
Date of publication, distribution, etc 2009
270 ## - ADDRESS
Address S.G.P.C.
City Amritsar
Postal code 143002
300 4# - PHYSICAL DESCRIPTION
Extent 68p.
Dimensions 22ਸੇਂਮੀ (ਸਜਿਲੱਦ)
600 ## - SUBJECT ADDED ENTRY--PERSONAL NAME
9 (RLIN) 31401
700 ## - ADDED ENTRY--PERSONAL NAME
9 (RLIN) 35472
942 ## - ADDED ENTRY ELEMENTS (KOHA)
Source of classification or shelving scheme Dewey Decimal Classification
Item type Punjabi Bks
Classification part 954.07
Call number suffix ਕਰਨੈ
Holdings
Withdrawn status Lost status Source of classification or shelving scheme Damaged status Not for loan Collection code Home library Current library Date acquired Source of acquisition Cost, normal purchase price Total Checkouts Full call number Barcode Date last seen Copy number Cost, replacement price Koha item type
    Dewey Decimal Classification     Non-fiction D.B.Act.Division D.B.Act.Division 14/10/2011 DBAD/PUB 22.00   954.07 ਕਰਨੈ PN-6234 14/10/2011 1 22.00 Punjabi Bks

© Delhi Public Library
Hit Counter
free hit counter